| 000 | 00809nam a22002175i 4500 | ||
|---|---|---|---|
| 001 | 166229 | ||
| 003 | ES-MaACL | ||
| 005 | 20251013215847.0 | ||
| 008 | 050914s1908 fr | |||||||| ||fre d | ||
| 040 |
_aCAM _bspa _cCAM |
||
| 100 | 1 |
_aThénard, Jean-François, _d1822-1896 _9154428 |
|
| 245 | 1 | 3 |
_aLe conventionnel Goujon (1766-1793) [sic pour 1795] / _cpar L. [sic] Thénard et R. Guyot. |
| 260 |
_aParis : _bFélix Alcan, _c1908. |
||
| 300 |
_aXVIII, 243 p. ; _c23 cm. |
||
| 490 | 1 | _aBibliohèque d'histoire contemporaine | |
| 651 | 4 |
_aFrancia- _xHistoria- _y1789-1799, Revolución- _vBibliografías. _98686 |
|
| 700 | 1 |
_aGuyot, Raymond, _d1877-1934 _9154429 |
|
| 830 | 0 |
_aBibliohèque d'histoire contemporaine _9222533 |
|
| 852 |
_aES-MaACL _jG-7188 _z-- Rúst. |
||
| 999 |
_c166229 _d166229 |
||